00622cam a22002053a 45000010005000000030006000050050017000110080041000280400015000690420007000840500007000911000032000982450117001302600029002475060030002765160020003066530021003268300028003478560041003756204PGUSA20140828083129.0040801s2004||||xxu|||||s|||||000 1 eng d aPGUSAbeng adc 4aPS1 aParker, Gilbert,d1862-193210aWhen Valmond Came to Pontiac :bThe Story of a Lost Napoleon. Volume 3.h[electronic resource] /cGilbert Parker bProject Gutenberg,c2004 aPublic domain in the USA. aElectronic text aCanadian fiction 0aProject Gutenbergv620440uhttp://www.gutenberg.org/ebooks/6204